Valtiot, joilla on eniten koralliriuttaa - Statistics

Yleistilastot
  • Tätä visaa on pelattu 897 kertaa
  • Keskiarvotulos 11 / 20
Vastaustilastot
km2 Valtio % Oikein
48 960 Australia
98%
51 020 Indonesia
89%
3 770 Yhdysvallat
77%
25 060 Filippiinit
75%
13 840 Papua-Uusi-Guinea
74%
5 790 Intia
73%
3 600 Malesia
70%
4 340 Mikronesia
59%
5 750 Salomoninsaaret
58%
6 110 Marshallinsaaret
57%
10 020 Fidži
56%
4 110 Vanuatu
56%
8 920 Malediivit
53%
14 280 Ranska
38%
3 150 Bahama
37%
5 510 Yhdistynyt kuningaskunta
31%
3 800 Egypti
26%
6 660 Saudi-Arabia
26%
3 580 Tansania
23%
3 260 Eritrea
8%
Ehtoja vastaavia visoja ei löytynyt
Tulosjakauma
Jokaisen tuloksen saaneiden osuus
Persentiili vastausten määrän mukaan
Tuloshistoriasi
Et ole pelannut tätä visaa